000 00670cam a22002293a 4500
001 4990
003 PGUSA
005 20140828083112.0
008 040101s2004||||xxu|||||s|||||000 1 eng d
040 _aPGUSA
_beng
042 _adc
050 4 _aPZ
100 1 _aMorrison, Harry Steele,
_d1880-
245 1 4 _aThe Adventures of a Boy Reporter
_h[electronic resource] /
_cHarry Steele Morrison
260 _bProject Gutenberg,
_c2004
506 _aPublic domain in the USA.
516 _aElectronic text
653 _aReporters and reporting -- Juvenile fiction
830 0 _aProject Gutenberg
_v4990
856 4 0 _uhttp://www.gutenberg.org/ebooks/4990
942 _cEB
999 _c234319
_d234319